00430nam a2200157Ia 4500003000400000005001700004008004100021020003000062040001700092082001800109100002600127245004800153260002800201300001900229650002400248IIN20240109120151.0231217s9999 xx 000 0 und d cRs.1295.00a9788184489798 aIINbEnglish a610.73 bGOW1 aGowda, S.N. Nanjunde 1 aFoundations of NursingcS.N. Nanjunde Gowda bJaypeeaBengaluruc2010 axxvi,[5] 723p.1 aFoundationvNursing